|
|
|
|
| LEADER |
00704nam a22001697a 4500 |
| 082 |
|
|
|a 894.M2
|b KRI12/V
|
| 100 |
|
|
|a കോങ്ങോട്ടെ കൃഷ്ണ൯നായര്;
|9 178508
|
| 100 |
|
|
|a Kongotte Krishnan Nair
|9 178509
|
| 240 |
|
|
|a Veeraravivarmma Chakravarthy
|
| 245 |
|
|
|a വീരരവിവ൪മ്മ ചക്രവ൪ത്തി
|
| 260 |
|
|
|a Calicut;
|b Norman Printing Bureau
|
| 300 |
|
|
|a 122p.
|
| 650 |
|
|
|a മലയാളം; നാടകം
|9 178510
|
| 650 |
|
|
|a Malayalam; Drama
|9 178511
|
| 942 |
|
|
|c BK
|
| 999 |
|
|
|c 37860
|d 37860
|
| 952 |
|
|
|0 0
|1 0
|4 0
|6 894_000000000000000_M2_KRI12_V
|7 0
|8 DRA
|9 42605
|a MAL
|b MAL
|d 2015-06-18
|e 21608
|l 0
|o 894.M2 KRI12/V
|p MAL021608
|r 2015-06-18
|t 1
|w 2015-06-18
|y BK
|